=LDR 00000nam 2200000 4500 =001 INLIS000000000004773 =005 20141023112438.0 =006 =007 =008 Ind =035 ##$$a 0010-061300000004773 =041 ##$$a Ind =082 ##$$a 651.7 =090 ##$$a 651.7, Mar s =100 ##$$a MARJO, Y.S =245 ##$$a Surat-surat lengkap: Complete Letters: Surat-surat untuk berbagai keperluan / Y.S. Marjo; Disusun dan diolah kembali oleh Wahono. -- Cet.5. -- =260 ##$$a 2000 $b Jakarta : Setia Kawan =300 ##$$a 310 hlm. : ilus. ; 21 cm =650 ##$$a SURAT MENYURAT =700 ##$$a WAHONO =850 ##$$a NBPNMAT